[Event "18th Reykjavik op"]
[Site "Reykjavik ISL"]
[Date "1998.03.12"]
[Round "3.20"]
[White "Hillarp Persson, Tiger"]
[Black "Ragnarsson, Johann"]
[Result "1-0"]
[WhiteElo "2410"]
[BlackElo "2110"]
[EventDate "1998.03.10"]
[PlyCount "103"]

1.d4 d5 2.c4 e6 3.Nc3 c6 4.Nf3 dxc4 5.a4 Bb4 6.e3 b5 7.Bd2 a5 8.axb5 Bxc3 
9.Bxc3 cxb5 10.b3 Bb7 11.d5 Nf6 12.bxc4 b4 13.Bxf6 Qxf6 14.Qa4+ Nd7 15.Nd4
Ke7 $5 $15 ( 15...Qe7 $2 16.dxe6 $2 ( 16.Qb5 $1 Rb8 ( 16...Ba6 $4 17.Rxa5 
$18 ( 17.Qc6 $4 O-O $132 {0-1 Ukhanov A-Zaitsev M/Ch Russia (cadets) 
(under 1996 (34)} ) ) 17.Qxa5 exd5 18.cxd5 $16 ) 16...fxe6 17.Qb5 Ra7 18.
Rxa5 Rxa5 19.Qxa5 O-O 20.Qc7 b3 21.Qxb7 Rb8 22.Nc6 Qa3 23.Nxb8 ( 23.Qxd7 
b2 24.Qxe6+ ( 24.Bd3 b1=Q+ 25.Bxb1 Rxb1+ 26.Ke2 Rb2+ ( 26...Rxh1 $4 27.
Qe8+ Qf8 28.Ne7+ $18 ) 27.Kf3 Qf8+ 28.Kg4 Qf5+ 29.Kh4 g5+ 30.Kh5 Qg6+ 31.
Kg4 Qf5+ $11 ) ( 24.Ke2 b1=Q ( 24...Rf8 25.Qxe6+ Kh8 26.Ne5 b1=Q 27.Nf7+ 
Rxf7 ( 27...Kg8 28.Nh6+ Kh8 29.Qg8+ Rxg8 30.Nf7# ) 28.Qxf7 Qe4 $1 $19 ) ) 
( 24.Nxb8 b1=Q+ 25.Ke2 Qaa2+ 26.Qd2 Qxc4+ $19 ) 24...Kh8 25.Nxb8 b1=Q+ 26.
Ke2 Qad3+ 27.Kf3 Qf5+ 28.Qxf5 Qxf5+ 29.Ke2 Qc2+ $11 ) 23...Qc1+ 24.Ke2 
Qc2+ 25.Ke1 Qc1+ $11 {E-E Zatsch,A-Kuiper,J/cr 1988 (28)} ) ( 15...exd5 
16.c5 Ba6 ( 16...Bc8 17.Bb5 Ke7 18.Bc6 Ra6 19.Qb5 Rd8 20.Bb7 Bxb7 21.Qxb7 
Rb8 22.Qxd5 $14 {1-0 David,R-Feist,P/GER-ch U20 qual3 1996 (40)} ) 17.Qxa5
Bb7 18.Qxa8+ Bxa8 19.Rxa8+ Ke7 20.Rxh8 Qg6 21.Be2 ( 21.c6 Qb1+ 22.Ke2 Ne5 
23.c7 Qd3+ 24.Ke1 Qc3+ $11 ) 21...Qb1+ 22.Bd1 Qd3 23.Bc2 Qc3+ 24.Ke2 Qc4+ 
25.Kf3 $18 {1-0 Greenfeld,A-Kanstler,B/Tel-Aviv Cup 1996 (33)} ) ( 15...e5
{-Main Theory Variations} ) 16.Be2 ( 16.d6+ $2 Kxd6 17.Rd1 Rhd8 $1 ( 17...
Ke7 $2 18.Nf5+ exf5 ( 18...Kf8 19.Rxd7 {i Gavrikov,V-Karasev,V/USSR 1982} 
) 19.Rxd7+ ( 19.Qxd7+ Kf8 20.Qxb7 Qc3+ 21.Ke2 Qxc4+ 22.Ke1 Qc3+ 23.Ke2 
Qc4+ $11 {E-E Ivanov,S-Karasev,V/Leningrad ch-city 1984 (27)} ) 19...Ke6 
20.f3 ( 20.Rxb7 Qc3+ 21.Ke2 Qxc4+ $11 ) 20...f4 21.exf4 Rhe8 ( 21...Bxf3 
22.Rd3 Rhd8 23.Re3+ $1 $18 ) 22.Bd3 Qc3+ 23.Kf2 $18 {1-0 
Shulman,Y-Petrov,J/EUchJ Vejen 1993 (24)} ) 18.Nc6+ ( 18.Qb5 Kc7 19.Qa4 
Nc5 20.Qb5 Qe5 $17 {Schultz,A-David,R/OLO-B 1995/1-0 (62)} ) 18...Kc7 19.
Nxd8 Qc3+ 20.Ke2 Qxc4+ 21.Ke1 Qc3+ 22.Ke2 Nb6 ( 22...Qc4+ $11 ) 23.Nxe6+ 
fxe6 24.Qa1 Nd5 $19 ) ( 16.Qb5 Rhb8 $17 ) 16...exd5 17.cxd5 ( 17.Qb5 Rhb8 
18.Rxa5 Rxa5 19.Qxa5 dxc4 20.Qxb4+ Ke8 21.Qxc4 Qg5 22.Nb5 Qxg2 23.Nd6+ Ke7
24.Nf5+ Kf8 25.Rf1 Qxh2 $17 ) 17...Rhd8 $2 $16 ( 17...Bxd5 $1 18.O-O Rhc8 
$15 ( 18...Qg6 19.Bf3 Bxf3 20.Nxf3 Rhc8 $15 ) ) 18.O-O ( 18.Qb5 Qb6 19.O-O
Qxb5 20.Bxb5 Kd6 ( 20...Bxd5 21.Bc6 $14 ) 21.Nc6 Bxc6 22.Bxc6 Ra6 23.Rfb1 
Ne5 ( 23...Nc5 24.Bb5 Raa8 25.Bc6 $11 ) 24.Bb5 Ra7 25.Rxb4 axb4 26.Rxa7 
Rb8 27.Be2 b3 28.f4 Nd7 29.Bd3 b2 30.Bb1 Rc8 $17 ) 18...Kf8 ( 18...Bxd5 
19.Qb5 Be4 20.Rxa5 Rdb8 21.Qa4 Rxa5 22.Qxa5 b3 23.f3 b2 24.Bb5 b1=Q 25.
Rxb1 Bxb1 26.Nc6+ Kf8 27.Qb4+ Kg8 28.Nxb8 Nxb8 29.Qxb1 Qe7 ( 29...g6 30.
Qe4 Kg7 31.Qd4 $18 ) 30.Qd3 g6 $16 ) ( 18...Nb6 19.Qc2 Kf8 20.Qxh7 $16 ( 
20.Qc5+ Qd6 21.Rxa5 ( 21.Qxd6+ Rxd6 22.e4 a4 $17 ) 21...Rxa5 22.Qxa5 Nxd5 
23.Bf3 $14 ) ) 19.Bb5 $2 $132 ( 19.Qb5 $16 ) 19...Nb6 ( 19...Nc5 20.Qc2 
Rxd5 21.Qxh7 Rg5 $132 ) 20.Qc2 Bxd5 ( 20...Nxd5 21.Qxh7 Nc3 $132 ) 21.Qxh7
g6 ( 21...b3 22.Ra3 a4 23.Rfa1 g6 $132 ) 22.Qh6+ ( 22.Rfc1 Qg5 23.Bf1 a4 
24.Rab1 b3 25.Rc7 Qf6 $15 ) ( 22.Rfb1 b3 23.Ba4 Nxa4 24.Rxa4 Qe5 $132 ( 
24...Be4 25.Ne6+ ( 25.Rxb3 Bc2 26.Rb6 Rxd4 27.Rxd4 Qxb6 28.Qh8+ Ke7 29.
Qe5+ Kf8 ( 29...Qe6 30.Qc5+ Ke8 31.Qxc2 $16 ) 30.Qh8+ $11 ) 25...fxe6 26.
Rxe4 e5 27.f4 Rd2 28.Rxb3 $16 ) ) 22...Qg7 ( 22...Kg8 $15 ) 23.Qf4 Kg8 24.
Qc7 ( 24.Rfb1 ) 24...Qf6 25.Bc6 Bxc6 $6 ( 25...Ra6 26.Qb7 Bc4 27.Rfc1 Rda8
28.Rab1 $13 ) 26.Qxb6 Rd6 27.Qc5 Bd5 $2 ( 27...Ra6 $1 28.Rfb1 ( 28.Nxc6 
Rdxc6 29.Qb5 Rcb6 30.Qe8+ Kg7 31.Ra4 b3 32.Rb1 b2 $17 ) ( 28.Rxa5 Rd5 29.
Qxd5 ( 29.Qxc6 Rdxa5 $17 ) 29...Bxd5 30.Rxd5 Rb6 $17 ) ) 28.Rxa5 $16 Rxa5 
29.Qxa5 Bc4 $2 $18 ( 29...b3 30.Qc5 $16 ) ( 29...Qg5 30.e4 Qf4 31.Re1 Bxe4
32.Qxb4 Rf6 33.f3 Bd5 34.Re8+ Kh7 35.Qc3 $16 ) 30.Rc1 ( 30.Rb1 b3 31.Qa4 (
31.Qc7 Rxd4 32.exd4 Qxd4 33.h3 $18 ) 31...Rxd4 32.exd4 Qxd4 33.Qa1 Qe4 34.
Rd1 $18 ( 34.Re1 $4 b2 $1 35.Qb1 Qxe1+ 36.Qxe1 Ba2 $3 $19 ( 36...Bd3 37.
Qe8+ Kg7 38.Qe5+ $18 ) ) ) 30...Bd3 $6 31.Qxb4 Rb6 32.Qd2 ( 32.Qc3 ) 32...
Be4 33.f3 Bb7 34.Rd1 Ba6 35.Qf2 Qe7 36.e4 Qb4 37.Rc1 Bd3 38.h4 Qa3 39.Rd1 
Bc4 40.Re1 Qd3 41.Qe3 Qxe3+ 42.Rxe3 Rb1+ 43.Kh2 Rd1 44.Nc2 Rd2 45.Rc3 Be2 
46.Kg3 Bd3 47.Ne3 Kg7 48.Kf4 Bb5 49.h5 gxh5 50.Rc5 Bd7 51.Rxh5 Ra2 52.Rc5 
1-0

[Event "18th Reykjavik op"]
[Site "Reykjavik ISL"]
[Date "1998.03.12"]
[Round "3.21"]
[White "Gunnarsson, Arinbjorn"]
[Black "Richardson, John"]
[Result "0-1"]
[WhiteElo "2240"]
[BlackElo "2315"]
[EventDate "1998.03.10"]
[PlyCount "120"]

1.e4 c6 2.Nc3 d5 3.Nf3 Bg4 4.h3 Bxf3 5.Qxf3 e6 6.g3 Nf6 7.Bg2 Nbd7 8.Qe2 
d4 9.Nb1 Be7 10.O-O O-O 11.d3 Re8 12.Nd2 Bf8 13.Nb3 c5 14.Bd2 Rc8 15.a4 
Nb8 16.Na5 b6 17.Nc4 Nc6 18.Bg5 h6 19.Bxf6 Qxf6 20.e5 Qd8 21.Bxc6 Rxc6 22.
Nd2 a6 23.f4 Qc7 24.Qe4 Rd8 25.Kh1 Qb7 26.b3 Rc7 27.Qxb7 Rxb7 28.Kg2 Be7 
29.Kf3 f5 30.exf6 gxf6 31.f5 exf5 32.Kg2 Rd5 33.Rf3 Bd6 34.Nc4 Bc7 35.Raf1
b5 36.Nb2 f4 37.gxf4 f5 38.Rg3+ Kf7 39.Kf3 Bd8 40.Rg2 Rdd7 41.Re2 Bf6 42.
axb5 axb5 43.Nd1 Ra7 44.Nf2 h5 45.Rb1 Re7 46.Rbe1 h4 47.Ne4 fxe4+ 48.dxe4 
Re8 49.e5 Be7 50.Rg1 Rg8 51.Reg2 Rxg2 52.Rxg2 Ra1 53.Ke4 Rh1 54.f5 Rxh3 
55.e6+ Kf8 56.Rg6 Rg3 57.Rh6 Kg7 58.Rh5 Bf6 59.Kd5 Rg5 60.Rxg5+ Bxg5 0-1

[Event "18th Reykjavik op"]
[Site "Reykjavik ISL"]
[Date "1998.03.12"]
[Round "3.22"]
[White "Bjornsson, Sigurbjorn"]
[Black "Olsen, Heini"]
[Result "1/2-1/2"]
[WhiteElo "2210"]
[BlackElo "2270"]
[EventDate "1998.03.10"]
[PlyCount "97"]

1.e4 e5 2.Nf3 Nc6 3.Bb5 a6 4.Bc4 Nf6 5.O-O Be7 6.Re1 b5 7.Bb3 d6 8.c3 O-O 
9.d4 Bg4 10.d5 Na5 11.Bc2 c6 12.dxc6 Qc7 13.Nbd2 Qxc6 14.Nf1 Nc4 15.h3 Bd7
16.Ng3 g6 17.Nh2 Rfe8 18.Qf3 Be6 19.Ng4 Nxg4 20.hxg4 f6 21.Qe2 Rac8 22.a4 
Ra8 23.Rd1 Red8 24.Nf1 d5 25.exd5 Bxd5 26.Rxd5 Rxd5 27.Be4 Rad8 28.Bxd5+ 
Qxd5 29.axb5 axb5 30.Ne3 Qe4 31.f3 Qc6 32.Nxc4 bxc4 33.Be3 Rd3 34.Bf2 Qd5 
35.Qe4 Qxe4 36.fxe4 Rd2 37.Ra4 Rxb2 38.Rxc4 Kf7 39.Kf1 Ke6 40.Rc8 Rc2 41.
Bb6 Kd7 42.Rc7+ Kd6 43.c4 Ke6 44.c5 Rc4 45.Rc8 Kd7 46.Rc7+ Ke6 47.Rc8 Kd7 
48.Rc7+ Ke6 49.Rc8 1/2-1/2

[Event "18th Reykjavik op"]
[Site "Reykjavik ISL"]
[Date "1998.03.12"]
[Round "3.23"]
[White "Olafsson, Thorvardur"]
[Black "Karason, Askell Oern"]
[Result "0-1"]
[WhiteElo "2015"]
[BlackElo "2260"]
[EventDate "1998.03.10"]
[PlyCount "62"]

1.d4 Nf6 2.c4 e6 3.Nc3 Bb4 4.Nf3 c5 5.g3 cxd4 6.Nxd4 O-O 7.Bg2 d5 8.cxd5 
Nxd5 9.Qb3 Na6 10.O-O Nxc3 11.bxc3 Be7 12.Rd1 Nc5 13.Qc2 Bd7 14.Nb3 Qc8 
15.Bf4 Ba4 16.Bd6 Bxd6 17.Rxd6 Qc7 18.Rad1 Rad8 19.Qd2 Rc8 20.Nxc5 Bxd1 
21.Nd7 Ba4 22.Nxf8 Kxf8 23.Qf4 b6 24.Bb7 Rb8 25.Qb4 Kg8 26.Rd4 Be8 27.Ba6 
h6 28.Rc4 Qe5 29.Qe7 Qxe2 30.Qd6 Ra8 31.Ra4 Qe1+ 0-1

[Event "18th Reykjavik op"]
[Site "Reykjavik ISL"]
[Date "1998.03.12"]
[Round "3.24"]
[White "Bjornsson, Tomas"]
[Black "Steindorsson, Sigurdur Pall"]
[Result "1/2-1/2"]
[WhiteElo "2235"]
[BlackElo "2027"]
[EventDate "1998.03.10"]
[PlyCount "31"]

1.e4 c5 2.Nf3 d6 3.d4 cxd4 4.Qxd4 Nc6 5.Bb5 Qd7 6.Bxc6 Qxc6 7.Nc3 e5 8.Qd3
Be6 9.b3 Rc8 10.Bb2 Nf6 11.O-O Be7 12.Rac1 a6 13.Rfd1 O-O 14.Nd5 Bxd5 15.
exd5 Qc5 16.Ng5 1/2-1/2

[Event "18th Reykjavik op"]
[Site "Reykjavik ISL"]
[Date "1998.03.12"]
[Round "3.25"]
[White "Fridjonsson, Julius"]
[Black "Kjartansson, David"]
[Result "1/2-1/2"]
[WhiteElo "2215"]
[BlackElo "2100"]
[EventDate "1998.03.10"]
[PlyCount "96"]

1.c4 Nf6 2.Nc3 c6 3.Nf3 d5 4.d4 e6 5.g3 Nbd7 6.Bg2 Bb4 7.Qb3 Qe7 8.O-O O-O
9.Bf4 b6 10.Nd2 Nh5 11.Be3 Bb7 12.Rac1 h6 13.Rfd1 Kh8 14.Nf3 Bd6 15.Bd2 f5
16.cxd5 exd5 17.e3 Kh7 18.Qc2 g6 19.a3 Nhf6 20.Ne2 Ne4 21.Nf4 Rac8 22.Nd3 
a5 23.Be1 Nef6 24.Qb1 Ba6 25.Bf1 Ne4 26.b4 axb4 27.Nxb4 Bxf1 28.Kxf1 Bxb4 
29.Bxb4 c5 30.dxc5 bxc5 31.Bc3 Nxc3 32.Rxc3 Nf6 33.Rb3 Rc7 34.Kg2 Rd8 35.
a4 Kg7 36.Rb6 Rd6 37.Rb5 Qe4 38.Qxe4 Nxe4 39.Rc1 Kf6 40.Ne1 Ra7 41.f3 Nd2 
42.a5 c4 43.Rc2 Nb3 44.Ra2 Rda6 45.Rxd5 Rxa5 46.Raxa5 Rxa5 47.Rxa5 Nxa5 
48.Kf2 Ke5 1/2-1/2

[Event "18th Reykjavik op"]
[Site "Reykjavik ISL"]
[Date "1998.03.12"]
[Round "3.26"]
[White "Gunnarsson, Arnar"]
[Black "Einarsson, Einar Kristinn"]
[Result "0-1"]
[WhiteElo "2195"]
[BlackElo "2085"]
[EventDate "1998.03.10"]
[PlyCount "124"]

1.c4 f5 2.Nc3 Nf6 3.Nf3 e6 4.g3 Be7 5.Bg2 O-O 6.O-O d6 7.d4 a5 8.b3 Ne4 9.
Na4 b6 10.Ne1 Bb7 11.f3 Nf6 12.Nd3 d5 13.c5 b5 14.Nab2 Nc6 15.Nf4 Qd7 16.
Nbd3 b4 17.Be3 g5 18.Nh3 h6 19.Qd2 Ba6 20.Nhf2 Nh5 21.g4 Ng7 22.f4 Bf6 23.
gxf5 Nxf5 24.Ne5 Bxe5 25.fxe5 Nxe3 26.Qxe3 Rf4 27.Nh3 Rxf1+ 28.Rxf1 Rf8 
29.Rxf8+ Kxf8 30.Nf2 Qf7 31.Bh3 Ke7 32.Nd3 Qg6 33.Bg2 Qf5 34.Bf3 Bxd3 35.
exd3 Qf4 36.Qxf4 gxf4 37.Kf2 Nxd4 38.Bg4 Nc6 39.Kf3 Nxe5+ 40.Kxf4 Nxd3+ 
41.Ke3 Nxc5 42.Kd4 Nd7 43.Bh3 c5+ 44.Ke3 Kf6 45.Kd3 Ne5+ 46.Ke3 Ng6 47.Bg2
Ke5 48.Bf1 Kf6 49.Bg2 Kg5 50.Bf3 Kf5 51.Bg2 Nf4 52.Bf1 e5 53.Bb5 d4+ 54.
Kf2 e4 55.Bc4 Nd3+ 56.Kg3 Nc1 57.Kh4 d3 58.Kh5 d2 59.Kxh6 d1=Q 60.h4 Qg4 
61.h5 Kf6 62.a3 Qg7# 0-1

[Event "18th Reykjavik op"]
[Site "Reykjavik ISL"]
[Date "1998.03.12"]
[Round "3.28"]
[White "Thorfinnsson, Bjoern"]
[Black "Kristjansson, Stefan"]
[Result "1/2-1/2"]
[WhiteElo "2100"]
[BlackElo "2255"]
[EventDate "1998.03.10"]
[PlyCount "82"]

1.d4 Nf6 2.c4 c5 3.d5 e6 4.Nc3 exd5 5.cxd5 d6 6.e4 g6 7.f4 Bg7 8.Nf3 O-O 
9.Be2 Re8 10.e5 dxe5 11.fxe5 Ng4 12.Bg5 f6 13.exf6 Bxf6 14.Qd2 Bxg5 15.
Qxg5 Qxg5 16.Nxg5 Ne3 17.Kd2 Nxg2 18.Nce4 Re5 19.Raf1 Bf5 20.Bd3 Nd7 21.
Rhg1 Nh4 22.Rf4 h6 23.Ne6 Bxe4 24.Bxe4 Rxe4 25.Rxe4 Nf3+ 26.Ke3 Nxg1 27.
Rg4 Kf7 28.Rxg1 b6 29.Nc7 Rd8 30.Ke4 Nf6+ 31.Ke5 Nd7+ 32.Kd6 Nb8+ 33.Ke5 
Nd7+ 34.Kf4 Nf6 35.Rf1 Ke7 36.Re1+ Kd7 37.Ne6 Re8 38.Ke5 Ng4+ 39.Kf4 Nf6 
40.Ke5 Ng4+ 41.Kf4 Nf6 1/2-1/2

[Event "18th Reykjavik op"]
[Site "Reykjavik ISL"]
[Date "1998.03.12"]
[Round "3.29"]
[White "Palsson, Halldor"]
[Black "Finnlaugsson, Gunnar"]
[Result "1-0"]
[WhiteElo "2145"]
[BlackElo "2215"]
[EventDate "1998.03.10"]
[PlyCount "79"]

1.d4 Nf6 2.c4 c5 3.d5 b5 4.cxb5 a6 5.b6 e6 6.Nc3 exd5 7.Nxd5 Nxd5 8.Qxd5 
Nc6 9.e4 Be7 10.Bc4 O-O 11.Nf3 Rb8 12.O-O h6 $2 {loses time and weakens 
Black's position} 13.Rd1 Rxb6 14.b3 d6 15.Qh5 Be6 16.Bxe6 fxe6 17.Qg4 Kh8 
18.Qxe6 Nd4 19.Nxd4 cxd4 20.Bb2 d5 21.Qxd5 Rd6 22.Qh5 Rd7 23.Rd3 Rf4 24.f3
Rh4 25.Qf5 Bf6 26.g3 g6 27.Qe6 Rh5 28.Rc1 Kg7 29.Rc6 Rf7 30.b4 Rb5 31.Rc8 
Qe7 32.Qxe7 Rxe7 33.Bxd4 Rxb4 34.Bxf6+ Kxf6 35.Rd6+ Kf7 36.Rxa6 Rd7 37.Rc2
Rd3 38.Kg2 h5 39.Rc7+ Ke8 40.Rh7 1-0

[Event "18th Reykjavik op"]
[Site "Reykjavik ISL"]
[Date "1998.03.12"]
[Round "3.30"]
[White "Briem, Stefan"]
[Black "Schubert, Hans Joachim"]
[Result "1-0"]
[WhiteElo "2185"]
[BlackElo "2070"]
[EventDate "1998.03.10"]
[PlyCount "35"]

1.e4 e5 2.Ne2 {Alapin} 2...Nf6 3.f4 $6 Nxe4 4.fxe5 d5 5.d3 Nc5 6.d4 Ne4 ( 
6...Ne6 7.c3 c5 8.Be3 Nc6 9.Qd2 Be7 10.g3 f6 11.exf6 Bxf6 12.Bg2 c4 13.Na3
O-O 14.O-O-O $11 {Briem,S-Kristinsson,O/Reykjavik op 1988} ) 7.g3 ( 7.Nd2 
f5 8.Nxe4 fxe4 9.Nf4 g6 ( 9...Bf5 10.c3 c6 11.Be2 Be7 12.Bg4 Qc8 13.Bxf5 
Qxf5 $13 {Alapin,S-Leonhardt,P/Ostende 1905} ) 10.Be3 c6 11.Be2 Bh6 12.
Nxd5 cxd5 13.Bxh6 Qh4+ 14.g3 Qxh6 15.O-O Nc6 16.c3 Bh3 $19 {
Alapin,S-Schwarz,A/Wien+ 1898} ) ( 7.Nbc3 Bf5 8.Nxe4 Bxe4 9.Be3 Nc6 10.c3 
Be7 11.Ng3 Bg6 12.Bd3 Qd7 13.Qd2 O-O-O 14.O-O-O Rdf8 15.Rhf1 Nd8 16.Nf5 
$14 {Chacon,J-Rodriguez Aguilera,J/ESP-chT 1993} ) 7...Be7 $11 ( 7...c5 $5
$132 ) 8.Bg2 O-O 9.O-O c6 ( 9...f5 {iie6,i d7,g5 iie6,i d7,g5ii} ) 10.Qd3 
Ng5 ( 10...f5 $5 ) 11.h4 $14 Ne6 12.Nd2 f6 ( 12...f5 13.exf6 ) 13.exf6 
Bxf6 14.Nf3 Nd7 ( 14...b6 15.c4 Ba6 16.b3 ) 15.Bd2 Qe8 $6 ( 15...Nb6 $142 
16.Rae1 $36 ) 16.Rae1 ( 16.Bb4 Be7 17.Bxe7 Qxe7 {ii d6,i f6,id7,i ae8} ) 
16...Qg6 ( 16...Qh5 $142 $5 ) 17.Bh3 $1 Nb6 ( 17...Nxd4 $2 18.Nfxd4 Qxd3 
19.cxd3 Nc5 20.Bxc8 $18 ) ( 17...Qf7 18.Bb4 Be7 19.Bxe6 Qxe6 20.Nf4 Qg4 ( 
20...Rxf4 21.Rxe6 $18 ) 21.Nh2 $18 ) 18.Bf5 ( 18.Bf5 Qh5 19.Bxe6+ Bxe6 20.
Nf4 $18 ) 1-0

[Event "18th Reykjavik op"]
[Site "Reykjavik ISL"]
[Date "1998.03.12"]
[Round "3.32"]
[White "Leosson, Torfi"]
[Black "Valgardsson, Gudjon Heidar"]
[Result "1-0"]
[WhiteElo "2160"]
[BlackElo "2114"]
[EventDate "1998.03.10"]
[PlyCount "55"]

1.e4 c5 2.Nf3 Nc6 3.d4 cxd4 4.Nxd4 g6 5.Nc3 Bg7 6.Be3 Nf6 7.Bc4 O-O 8.Bb3 
d6 9.f3 Bd7 10.Qd2 Rc8 11.O-O-O Ne5 12.h4 h5 13.g4 {Das gilt als zu 
ungestuem.} ( {Verbreiteter ist die Idee} 13.Bg5 Rc5 14.g4 ( 14.Kb1 $5 {
$140 15.g4} ) ) 13...Kh7 $6 {Kleinlaut gespielt.} ( {Prinzipiell und 
richtig ist} 13...hxg4 14.h5 Nxh5 15.Bh6 e6 16.Rdg1 Qf6 17.Bxg7 Qxg7 18.
fxg4 Nf6 19.g5 Nh5 20.Nce2 ( 20.Nf5 exf5 21.Nd5 Nf3 22.Rxh5 gxh5 23.Nf6+ 
Kh8 24.Qd1 fxe4 25.Nxh5 Qd4 26.Rh1 Qxd1+ 27.Kxd1 Nxg5 {0-1 
Sampouw,J-Sosonko,G/Surakarta/Denpasar 1982/MCD-r8} ) 20...Nc4 21.Qb4 a5 
22.Qxb7 Ne5 23.c3 Nd3+ 24.Kb1 Nc5 25.Qb6 Qe5 26.Bc2 Rb8 27.Qxa5 Rxb2+ 28.
Kxb2 Nd3+ {0-1 Ljubojevic,L-Miles,A/SWIFT 1986/CBM 01} ) 14.gxh5 Nxh5 15.
Rdg1 b5 ( 15...Nc4 $5 ) 16.Qg2 a5 17.f4 Ng4 ( 17...Nc4 18.Bxc4 Rxc4 19.f5 
$40 ) 18.f5 gxf5 ( 18...Nxe3 19.fxg6+ Kh8 20.Qg5 fxg6 21.Qxe3 $13 ) 19.
Nxf5 Nxe3 20.Nxe3 Bh6 21.Bxf7 Nf4 $2 ( 21...Bxe3+ $142 22.Kb1 Rxf7 23.Qg6+
Kh8 24.Qxf7 ( 24.Qxh5+ $2 Rh7 $19 ) 24...Qe8 $17 ) 22.Bg6+ Kg7 $2 ( 22...
Kh8 $142 ) 23.Qd2 Nxg6 24.h5 Bf4 25.Ncd5 Be5 26.hxg6 Rh8 27.Qf2 Bf6 28.
Rh7+ 1-0

[Event "18th Reykjavik op"]
[Site "Reykjavik ISL"]
[Date "1998.03.12"]
[Round "3.33"]
[White "Petermann, Hubert"]
[Black "Baldursson, Hrannar"]
[Result "1/2-1/2"]
[WhiteElo "2125"]
[BlackElo "2180"]
[EventDate "1998.03.10"]
[PlyCount "61"]

1.e4 d6 2.d4 Nf6 3.Nc3 g6 4.Be2 Bg7 5.Be3 O-O 6.h3 c5 7.Nf3 cxd4 8.Nxd4 
Nc6 9.Qd2 Bd7 ( {M@tE glich ist auch} 9...d5 ) 10.O-O Rc8 {Eine Variante 
aus der Gruenderzeit, so wurde auch im letzten Jahrhundert schon gespielt.
} 11.f4 ( 11.Nxc6 Bxc6 12.f3 {Englisch,B-Bird,H/London 1883/HCL 16/1-0 
(59)} ) ( 11.Rad1 a6 12.f4 Qc7 13.Bf3 {
Schottlaender,A-Bird,H/DSB-03.Kongress 1883/HCL 13/1-0 (75)} ) 11...a6 12.
Nxc6 Bxc6 13.Bf3 b5 14.a3 Nd7 15.Qf2 Ba8 16.Bd4 $11 {Schwarz steht bequem.
} 16...e5 ( 16...Bxd4 17.Qxd4 Qb6 {sieht auch gut spielbar aus.} ) 17.fxe5
Nxe5 18.Be2 f5 19.exf5 Rxf5 20.Qe3 Rg5 $6 {[%csl Rg2][%cal Yg5g2,Ya8g2]} 
21.Ne4 Bxe4 22.Qxe4 d5 23.Qe3 Rxc2 24.Rac1 ( 24.h4 {sieht wie ein Fehler 
aus, ist aber spielbar.} 24...Rxe2 ( 24...Rf5 $2 25.Rxf5 gxf5 26.Bxe5 $18 
) 25.Qxe2 Nf3+ 26.Rxf3 Bxd4+ 27.Kf1 ( 27.Kh1 Re5 $17 {[%csl Rh4][%cal 
Yd8h4]} ) 27...Re5 28.Qc2 $8 $14 ( 28.Qd2 $2 Qxh4 {29...Qh1# $140} ) ) 
24...Rxc1 25.Rxc1 Bh6 $6 ( 25...Rf5 $5 ) 26.Bg4 $1 ( 26.Bxe5 $2 Rxg2+ $19 
) 26...Rxg4 ( 26...Nxg4 $2 27.Qe6+ Kf8 28.Rc8 $18 ( 28.hxg4 $1 $18 ) ) 27.
Qxe5 Rxd4 28.Qe6+ Kg7 29.Qe5+ Kg8 30.Qe6+ Kg7 31.Qe5+ 1/2-1/2

[Event "18th Reykjavik op"]
[Site "Reykjavik ISL"]
[Date "1998.03.13"]
[Round "4.1"]
[White "Christiansen, Larry"]
[Black "Nijboer, Friso"]
[Result "1-0"]
[WhiteElo "2575"]
[BlackElo "2580"]
[EventDate "1998.03.10"]
[PlyCount "89"]

1.e4 c5 2.Nf3 Nc6 3.Bb5 e6 4.Nc3 Nge7 5.O-O a6 6.Bxc6 Nxc6 7.d4 cxd4 8.
Nxd4 Qc7 9.Bg5 Bd6 10.Kh1 O-O 11.a4 Nxd4 12.Qxd4 b6 13.Qd3 Be5 14.Ra3 Bb7 
15.Rd1 f5 16.Qxd7 Qxd7 17.Rxd7 Bc6 18.Rd2 h6 19.Be3 b5 20.Ra1 b4 21.Na2 
Bxb2 22.Rb1 Ba3 23.exf5 exf5 24.a5 f4 25.Bb6 f3 26.g3 Rae8 27.h4 Re2 28.
Rdd1 Rb8 29.Kg1 Re4 30.Nc1 Rc4 31.Nb3 Be4 32.Nd2 Rbc8 33.Nxc4 Rxc4 34.Rd8+
Kh7 35.Re1 Bxc2 36.h5 Ba4 37.Rd4 Rxd4 38.Bxd4 Bb5 39.Re7 Kg8 40.Rxg7+ Kf8 
41.Rb7 b3 42.Rxb5 axb5 43.a6 b2 44.Bxb2 Bc5 45.Ba3 1-0

[Event "18th Reykjavik op"]
[Site "Reykjavik ISL"]
[Date "1998.03.13"]
[Round "4.2"]
[White "De Firmian, Nick"]
[Black "Jonsson, Bjorgvin"]
[Result "1-0"]
[WhiteElo "2590"]
[BlackElo "2380"]
[EventDate "1998.03.10"]
[PlyCount "75"]

1.e4 d6 2.d4 Nf6 3.Nc3 g6 4.f4 Bg7 5.Nf3 O-O 6.Bd3 Nc6 7.O-O e5 8.fxe5 
dxe5 9.d5 Nd4 $6 ( 9...Nb4 $5 10.Bc4 ( 10.Be2 a5 11.Bg5 Qd6 12.Kh1 Bd7 13.
Nd2 Ne8 14.a4 f6 15.Be3 Qe7 16.Bb5 Bc8 17.Nc4 f5 18.Bxe8 Rxe8 19.Qd2 f4 
20.Bg1 Bg4 21.Nb5 Rf8 22.d6 cxd6 23.Nbxd6 f3 $13 {0-1 
Ippolito,M-Chomet,P/1st FSGT It, Argenteuil FRA 1997 (35)} ) 10...Ne8 11.
Bg5 f6 12.Bh4 Nd6 13.Be2 a5 14.a3 Na6 15.b4 Qe8 16.Bf2 f5 17.Nd2 Bd7 $11 {
E-E Almasi,Z-Chernin,A/ch-HUN, Budapest HUN 1997 (28)} ) ( 9...Ne7 $6 10.
Bg5 h6 11.Bh4 c6 12.Nxe5 Qb6+ 13.Kh1 Qxb2 14.Qe1 g5 15.Rb1 Qa3 16.Nc4 $16 
{E-E Pedzich,D-Czerwonski,A/Polish Team-ch, Krynica POL 1997 (46)} ) 10.
Nxe5 Nxe4 11.Bxe4 Bxe5 12.Bf4 Bg7 13.Qd2 Bd7 $6 $146 ( 13...Re8 $6 14.Rae1
c6 15.Kh1 f5 16.Bd3 Rxe1 17.Rxe1 cxd5 18.Bg5 Qf8 19.Nxd5 Ne6 20.Be7 Qf7 
21.Bc4 b5 22.Bb3 {1-0 Winterstein,W-Brettschneider,S/Baden Baden op 1991} 
) ( 13...Nf5 $5 14.Nb5 ( 14.Bxf5 Bxf5 15.Rae1 c6 16.Be5 Qb6+ 17.Kh1 f6 18.
Bd6 Rfe8 19.b3 cxd5 20.Qxd5+ Kh8 21.Bc5 Qc6 22.Qxc6 bxc6 23.Bxa7 Bxc2 $11 
{E-E Pedzich,D-Schmaltz,R/Lippstadt 1996 (43)} ) ( 14.Rae1 $5 Nd6 15.Bd3 
Bd7 16.Bh6 f5 17.Bxg7 Kxg7 18.Qf2 b6 19.Ne2 Qf6 20.Nd4 Rae8 21.c4 $14 {De 
Firmian,N-Koch,W/Politiken Cup 1996/1-0 (52)} ) 14...Nd6 15.Nxd6 cxd6 16.
Qb4 Re8 17.Bd3 Be5 18.Rae1 a5 $5 ( 18...f6 19.Kh1 a5 20.Qd2 Bd7 21.c4 b6 
22.Rf2 Rb8 23.Ref1 f5 24.g4 $36 {Polgar,S-Arduman,C/Budapest FS03 GM 
1993/1-0 (49)} ) 19.Qb3 Bxf4 20.Rxe8+ Qxe8 21.Rxf4 Qe3+ 22.Rf2 Qc5 $15 {
0-1 Sylvan,J-Koch,W/Politiken Cup 1996 (41)} ) 14.Rae1 $32 Nf5 $6 ( 14...
Re8 $142 ) 15.Bxf5 $1 Bxf5 16.Nb5 $14 {[%csl Rc7] ic4} 16...Rc8 $6 ( 16...
c6 $5 17.Nc7 ( 17.Nd6 Qb6+ 18.Kh1 Qxb2 19.Nxf5 gxf5 $13 ) 17...Rc8 18.d6 
Bxb2 19.Qb4 Qf6 20.Qxb7 Qd4+ $1 21.Rf2 Qb6 $11 ) 17.c4 ( 17.Nxa7 $2 Ra8 
18.Nb5 Rxa2 19.Bxc7 Qd7 $36 ) 17...Bd7 ( 17...a6 $142 18.Nd4 ( 18.Nc3 $6 
Qd7 $11 ) 18...Bd7 19.Bh6 $1 $14 ) 18.Nc3 $1 {[%csl Yc4,Yd5][%cal 
Gc3d5,Gf4e5,Gf4h6]} ( 18.Nd4 $143 $13 ) 18...Bf5 19.h3 {i19...i d7? 20.g4i
} 19...h5 {[%csl Rg5] g5} ( 19...a6 $5 {b5} ) 20.Bg5 $1 {[%csl Re7][%cal 
Gg5d8]} 20...f6 $6 {[%csl Re6]} ( 20...Qd7 $142 $14 ) 21.Bh6 Qd7 ( 21...a6
$142 ) 22.Nb5 $1 $16 {[%csl Ra7,Re6][%cal Gb5d4,Gd4e6]} 22...Rce8 23.Nd4 (
23.Nxa7 $2 Qa4 $1 $15 ) 23...Rxe1 ( 23...Re5 $5 24.Nxf5 Rxf5 ( 24...gxf5 
$143 25.Rxe5 fxe5 26.Qg5 f4 27.Qxh5 $16 ) 25.Rxf5 Qxf5 26.Bxg7 Kxg7 27.Qa5
$16 ) 24.Rxe1 Bxh6 25.Qxh6 Re8 $2 ( 25...Bd3 $8 26.Re3 {[%csl 
Rd3,Rg6][%cal Gd3g6]} 26...Bb1 ( 26...Bxc4 $2 27.Qxg6+ Kh8 ( 27...Qg7 $2 
28.Qxg7+ Kxg7 29.Ne6+ $18 ) 28.Qh6+ Kg8 29.Rg3+ $18 ) 27.Ne6 Re8 28.Qf4 
$16 ) 26.Rf1 $1 {[%csl Yf5,Rf6][%cal Gf1f5]} 26...Qg7 $6 ( 26...Bd3 $5 27.
Rxf6 Re1+ 28.Kh2 Qg7 29.Qxg7+ Kxg7 30.Re6 $1 $16 ) 27.Nxf5 gxf5 $2 ( 27...
Qxh6 $8 28.Nxh6+ Kg7 29.Nf5+ gxf5 30.Rxf5 $16 {i} ) 28.Qxh5 $18 Re4 29.
Qxf5 Re2 ( 29...Rxc4 30.Qe6+ Qf7 $8 ( 30...Kh7 31.Rxf6 $18 {[%csl 
Yg7,Yh7][%cal Gf6f7]} ) 31.Rxf6 Qxe6 32.dxe6 Re4 33.g4 $18 ) 30.Rf2 Rxf2 
31.Kxf2 Qf8 {[%cal Gf8c5]} 32.Kf3 Kg7 33.Qd7+ Kg6 34.Qxc7 Qb4 35.d6 {[%cal
Gd6d8,Gf3g3,Gg3h2]} 35...Qxb2 36.d7 Qc3+ 37.Kf2 Qd4+ 38.Kg3 1-0